| 000 | 01528 a2200193 4500 | ||
|---|---|---|---|
| 001 | 48766 | ||
| 005 | 20260407155753.0 | ||
| 008 | 260407a1981 arg spa d | ||
| 003 | AR-UNSa-BCEJYS | ||
| 040 |
_aAR-UNSa-BCEJYS _bspa _cAR-UNSa-BCEJYS |
||
| 080 |
_a336.226.3 _xImpuestos por el uso de los ingresos. Impuestos al consumo. IVA |
||
| 245 | 1 | 0 | _aEl IVA en la industria de la construcción |
| 264 | 1 |
_aBuenos Aires : _bCangallo _c1981 |
|
| 300 |
_a517 p. _c23 cm. |
||
| 505 | _a1. Características generales del impuesto al valor agregado - 2. Las obras y trabajos sobre inmueble ajeno - 3. El hecho y la base imponible en las obras y trabajos sobre inmueble ajeno - 4. Otros aspectos de las obras sobre inmueble ajeno - 5. El hecho imponible en las obras sobre inmuebles propio y otros casos especiales - 6. Los sujetos del impuesto en las obras sobre inmueble propio - 7. El nacimiento del hecho imponible en las obras sobre inmueble propio - 8. La base imponible y el precio en las obras sobre inmueble propio - 9. La Ley 22.294 y las obras sobre inmueble propio - 10. Las profesiones y oficios vinculados con la ejecución de obras - 11. La inscripción de los sujetos responsables - 12. La liquidación del impuesto - 13. El régimen de "pagos a cuenta" del impuesto - 14. Tratamiento de los "saldos a favor" - 15. Franquicias vinculadas con la construcción y venta de viviendas - 16. Aspectos prácticos de aplicación. | ||
| 942 | _cBK | ||
| 590 | _aniveau_biblio:m niveau_hierar:0 | ||
| 100 | 1 | _aChalupowicz, Israel | |
| 999 |
_c4703 _d4703 |
||